Value added tax /

Bibliographic Details
Main Author: Tait, Alan A.
Format: Book
Language:English
Published: London, New York : McGraw-Hill, [1972]
Series:McGraw-Hill European series in management.
Subjects:

MARC

Tag First Indicator Second Indicator Subfields
LEADER 00000cam a2200000 4500
001 in00000455421
005 20151012092754.0
008 720526s1972 enk bs 00110 eng d
010 |a  72183089  
015 |a B*** 
020 |a 0070942382 
035 |a (OCoLC)00333963 
035 |9 ABY7532AM 
040 |a DLC  |c DLC  |d TXA  |d UtOrBLW 
043 |a ew----- 
049 |a TXAM  |c [1203995] 
050 0 0 |a HJ5711  |b .T35 
082 0 |a 336.2/71 
100 1 |a Tait, Alan A. 
245 1 0 |a Value added tax /  |c [by] Alan A. Tait. 
264 1 |a London,  |a New York :  |b McGraw-Hill,  |c [1972] 
300 |a viii, 184 pages ;  |c 24 cm. 
336 |a text  |b txt  |2 rdacontent 
337 |a unmediated  |b n  |2 rdamedia 
338 |a volume  |b nc  |2 rdacarrier 
490 1 |a McGraw-Hill European series in management 
504 |a Bibliography: pages 169-173. 
650 0 |a Value-added tax. 
650 0 |a Value-added tax  |z European Economic Community countries. 
830 0 |a McGraw-Hill European series in management. 
999 |a MARS 
999 f f |s a6c32003-ac81-3fdc-b2d4-9800c1120087  |i a04fcabe-c031-3561-aa5f-c2ab557c476f  |t 0 
952 f f |p ric  |a Texas A&M University  |b Rellis Campus  |c Joint Library Facility  |d Remote Storage  |t 0  |e HJ5711 .T35  |h Library of Congress classification  |i unmediated -- volume  |m A14802899127 
998 f f |a HJ5711 .T35  |t 0  |l Remote Storage